000 00973nam a2200253 i 4500
001 133845
003 ES-MaACL
005 20250630161148.0
007 t|
008 070831s1982 sp |||| | spa d
020 _a84-231-2692-7
080 _a821.133.1
100 1 _aStrauss, Richard,
_d1864-1949
_9240557
245 1 0 _aSalomé /
_clibreto basado en la traducción alemana de la obra teatral de Oscar Wilde realizada por Hedwig Lachmann y revisada por Richard Strauss ; traducción, estudio y comentarios, Gonzalo Badenes Masó.
260 _aMadrid :
_bDaimon,
_c[1982]
300 _a119 p. ;
_c19 cm.
490 1 _aIntroducción al mundo de la ópera
700 1 _aWilde, Oscar,
_d1854-1900
_9241147
700 1 _aLachmann, Hedwig.
_969365
700 1 _aBadenes Masó, Gonzalo.
_924528
830 0 _aIntroducción al mundo de la ópera
_9186963
852 _aES-MaACL
_jE-12099
_z. - Biblioteca Jacinto Martínez Lacalle
999 _c133845
_d133845